| 000 | 00537nam a2200133Ia 4500 | ||
|---|---|---|---|
| 008 | 170221s9999 xx 000 0 und d | ||
| 100 | _aDrougas, Anne. | ||
| 245 | 3 | _aAn interactive approach to teaching WACC concepts in an introductory finance clas | |
| 245 | _cAnne Drougas, Dominican University; Richard Walstra, Dominican University; Steve Harrington, Dominican University. | ||
| 260 | _bJournal of Management and Marketing Research | ||
| 260 | _c2015 | ||
| 650 | _xBusiness | ||
| 856 | _uhttp://www.aabri.com/manuscripts/121279.pdf | ||
| 999 |
_c309327 _d309327 |
||